| 000 | 01100cam a22002415a 4500 | ||
|---|---|---|---|
| 001 | L159402 | ||
| 008 | 170316s2012 xxk f 001 0 eng d | ||
| 020 | _a9780727757180 | ||
| 035 | _a(Sirsi) u159402 | ||
| 041 | 0 | _aeng | |
| 050 | 0 | 4 | _aF692.8 |
| 100 | 1 | _aMitchell, Bronwyn | |
| 245 | 0 | 0 |
_aManaging reality _bbook 1 _bintroduction to the engineering and construction contract |
| 250 | _a2 ed | ||
| 260 |
_aLondon _bICE Publishing _c2012 |
||
| 300 |
_axixi, 82p. _c30cm. |
||
| 490 | 0 |
_aManaging Reality _v1 |
|
| 520 | _aFirst of a five part volume on managing the Engineering and Construction Contract (ECC) focuses on the fundamental cultural changes and mind shift that is required to successfully manage the practicalities of the ECC in use. Provides an introduction to the ECC, its conventions, concepts and terminology, and how it affects the way you work. Then discusses the roles adopted in the ECC, including how to designate a role and how the ECC affects each of these roles. | ||
| 651 | 4 |
_aUnited Kingdom _y |
|
| 690 |
_aContracts _96232 |
||
| 700 | 1 | _aTrebes, Barry | |
| 942 | _n0 | ||
| 999 |
_c115868 _d115868 |
||